[Event "Belgrade-chT Quality"]
[Site "Belgrade"]
[Date "2016.10.08"]
[Round "3.3"]
[White "Martic, Nemanja"]
[Black "Velemir, Velimir"]
[Result "1/2-1/2"]
[WhiteElo "2168"]
[BlackElo "2092"]
[PlyCount "71"]
[EventDate "2016.10.01"]
[EventType "team-tourn"]
[EventRounds "11"]
[EventCountry "SRB"]
[SourceTitle "EXT 2018"]
[Source "ChessBase"]
[SourceDate "2017.10.13"]
[SourceVersion "1"]
[SourceVersionDate "2017.10.13"]
[SourceQuality "1"]

1. e4 c5 2. Nf3 g6 3. d4 cxd4 4. Nxd4 Bg7 5. Nc3 Nc6 6. Be3 Nf6 7. Bc4 Qa5 8. 0-0 0-0 9. a3 Ng4 10. Qxg4 Nxd4 11. Qd1 Nc6 12. Qd2 d6 13. Bh6 Be6 14. Bxe6 fxe6 15. Bxg7 Kxg7 16. f4 Rf6 17. Kh1 Raf8 18. b4 Qe5 19. g3 Qd4 20. Rfd1 Rc8 21. Qxd4 Nxd4 22. Rxd4 Rxc3 23. Rd2 Rf8 24. Re2 Rfc8 25. Ra2 Rf3 26. a4 Rcc3 27. Rb2 Rf1+ 28. Kg2 Ra1 29. a5 Rc4 30. e5 d5 31. Re3 Rc1 32. Re2 Ra1 33. Re3 Rc1 34. Re2 Ra1 35. Re3 Rc1 36. Re2 1/2-1/2

[Event "Belgrade-chT"]
[Site "Belgrade"]
[Date "2014.09.28"]
[Round "9.1"]
[White "Velemir, Velimir"]
[Black "Gosic, Bogdan"]
[Result "1/2-1/2"]
[WhiteElo "2069"]
[BlackElo "2291"]
[PlyCount "92"]
[EventDate "2014.09.20"]
[EventType "team-tourn"]
[EventRounds "11"]
[EventCountry "SRB"]
[SourceTitle "CBM 162 Extra"]
[Source "ChessBase"]
[SourceDate "2014.10.17"]
[SourceVersion "1"]
[SourceVersionDate "2014.10.17"]
[SourceQuality "1"]
[WhiteTeam "Belgrade Radnicki Rudovci"]
[BlackTeam "Belgrade"]
[WhiteTeamCountry "SRB"]
[BlackTeamCountry "SRB"]

1. f4 Nf6 2. Nf3 g6 3. e3 Bg7 4. d4 b6 5. Bd3 Bb7 6. Qe2 c5 7. c3 Nc6 8. Nbd2 Qc7 9. Ne5 0-0 10. 0-0 a6 11. Nxc6 Qxc6 12. e4 d5 13. e5 Ne8 14. f5 Nc7 15. Nf3 Bc8 16. Nh4 a5 17. Bg5 Ba6 18. Bxe7 Rfe8 19. Bxa6 Rxa6 20. f6 Rxe7 21. fxe7 Ra7 22. Qf2 Qe8 23. dxc5 b5 24. Nf3 Qxe7 25. Rad1 Ra6 26. b4 Ra8 27. Rfe1 h6 28. Nd4 Qe8 29. Re2 axb4 30. cxb4 Ra4 31. Qe1 Kh7 32. Rd3 Qa8 33. Qb1 Qd8 34. a3 Qa8 35. Qc1 Ra6 36. Rf3 Qe8 37. Qf4 Kg8 38. h3 Qe7 39. g3 Ra8 40. Kg2 Re8 41. Rfe3 Qd7 42. g4 Re7 43. Qf1 Qe8 44. Qe1 Qd7 45. Qg3 Qe8 46. Qf4 Kh7 1/2-1/2

[Event "Belgrade-chT Quality"]
[Site "Belgrade"]
[Date "2011.11.03"]
[Round "10"]
[White "Vucicevic, Milos"]
[Black "Velemir, Velimir"]
[Result "1/2-1/2"]
[WhiteElo "2237"]
[BlackElo "2058"]
[PlyCount "54"]
[EventDate "2011.10.15"]
[EventType "team-swiss"]
[EventRounds "11"]
[EventCountry "SRB"]
[SourceTitle "EXT 2012"]
[Source "ChessBase"]
[SourceDate "2011.11.24"]
[SourceVersion "1"]
[SourceVersionDate "2011.11.24"]
[SourceQuality "1"]

1. e4 g6 2. d4 Bg7 3. Nc3 c5 4. Nf3 cxd4 5. Nxd4 Nc6 6. Be3 Nf6 7. Bc4 Qa5 8. 0-0 0-0 9. Bb3 d6 10. h3 Qh5 11. Re1 Qxd1 12. Raxd1 Nxd4 13. Bxd4 a6 14. a4 Be6 15. Nd5 Bxd5 16. exd5 Rfe8 17. a5 Nd7 18. Ba4 Bxd4 19. Rxd4 Rad8 20. Rb4 Kf8 21. Rxb7 Nc5 22. Rb4 Rb8 23. Rc4 Nxa4 24. Rxa4 Rxb2 25. Rc4 Rb5 26. Rc6 Rxa5 27. c4 Rc5 1/2-1/2

[Event "Belgrade-chT Quality"]
[Site "Belgrade"]
[Date "2011.10.22"]
[Round "3"]
[White "Velemir, Velimir"]
[Black "Srdic, Danilo"]
[Result "1-0"]
[WhiteElo "2058"]
[BlackElo "2184"]
[PlyCount "41"]
[EventDate "2011.10.15"]
[EventType "team-swiss"]
[EventRounds "11"]
[EventCountry "SRB"]
[SourceTitle "EXT 2012"]
[Source "ChessBase"]
[SourceDate "2011.11.24"]
[SourceVersion "1"]
[SourceVersionDate "2011.11.24"]
[SourceQuality "1"]

1. f4 d5 2. Nf3 c5 3. e3 Nc6 4. d4 Bg4 5. c3 e6 6. h3 Bh5 7. Bd3 f5 8. Nbd2 Nf6 9. Qa4 c4 10. Be2 Ne4 11. 0-0 a6 12. Qd1 Be7 13. Nxe4 dxe4 14. Ne5 Bxe2 15. Qxe2 Nxe5 16. fxe5 b5 17. b3 Rc8 18. bxc4 Rxc4 19. a4 0-0 20. axb5 axb5 21. Ra7 1-0

[Event "SRB-chT quality"]
[Site "Belgrade"]
[Date "2010.10.10"]
[Round "2"]
[White "Keserovic, Milan"]
[Black "Velemir, Velimir"]
[Result "1/2-1/2"]
[WhiteElo "2194"]
[BlackElo "2062"]
[PlyCount "85"]
[EventDate "2010.10.09"]
[EventType "team-tourn"]
[EventRounds "11"]
[EventCountry "YUG"]
[SourceTitle "EXT 2011"]
[Source "ChessBase"]
[SourceDate "2010.11.26"]
[SourceVersion "1"]
[SourceVersionDate "2010.11.26"]
[SourceQuality "1"]

1. e4 c5 2. Nf3 g6 3. c3 Bg7 4. d4 cxd4 5. cxd4 d5 6. exd5 Nf6 7. Bb5+ Nbd7 8. Nc3 0-0 9. 0-0 Nb6 10. Ne5 Nbxd5 11. Bc4 Be6 12. Qb3 Rb8 13. a4 Nxc3 14. bxc3 Bxc4 15. Qxc4 Nd7 16. Nf3 e5 17. Re1 exd4 18. cxd4 Nb6 19. Qb3 Qd5 20. Qb4 Rbc8 21. a5 Nc4 22. Bf4 Rfe8 23. h3 Re4 24. Bg3 Bxd4 25. Rad1 Qc5 26. Qxb7 Rxe1+ 27. Rxe1 Nxa5 28. Qd7 Bf6 29. Ne5 Rf8 30. Ng4 Bg7 31. Bd6 Qc8 32. Qxa7 Nc6 33. Qc5 Re8 34. Rc1 Na7 35. Qa3 Qe6 36. Bc5 Nc6 37. Be3 Ne5 38. Nh6+ Kh8 39. Qa4 Rc8 40. Rxc8+ Qxc8 41. Qa7 Qf8 42. Bd4 Bxh6 43. Bxe5+ 1/2-1/2